000 00447cam a2200181ua 4500
020 _c6.00
041 _ahin
_h
082 _a891.54
_bVRI/JA
100 _aVrindavan lal, Varma .
245 _aJansi ki rani - Lakshmibai /
_cVrindavan lal varma.
_hTextual Documents
250 _a10 /
_b.
260 _aJhansi :
_bMadhur prakashan ,
_c1962.
300 _a511 ; .
365 _a6.00
504 _a
942 _cBK
999 _c8311
_d8311